000 00352pab a2200145 454500
008 180718b2003 xxu||||| |||| 00| 0 eng d
100 _aSuryaprasad, K.
245 _aHung legislatures: trends, issues and responses
260 _c2003
300 _ap.471-88.
362 _aApr-Jun
650 _aParliament
773 _aISDA Journal
909 _a59368
999 _c59368
_d59368